[Event "14. Open de la Constitución 2013"]
[Site "San Sebastian de los Reyes ES"]
[Date "2013.12.06"]
[Round "7.21"]
[White "Martinez Montalvo, Eduardo"]
[Black "Hernandez Ramos, Alberto"]
[Result "0-1"]
[WhiteElo "1846"]
[BlackElo "1457"]
[PlyCount "89"]
[EventDate "2013.11.30"]
[EventType "swiss"]
[EventRounds "9"]
[EventCountry "ESP"]
[Source "lmi"]
[SourceDate "2013.11.30"]

1. e4 e5 2. d4 exd4 3. Nf3 Nc6 4. Bc4 h6 5. O-O Bc5 6. c3 dxc3 7. Bxf7+ Kxf7 8.
Qd5+ Kf8 9. Qxc5+ d6 10. Qc4 Bg4 11. Ne1 Qd7 12. Nxc3 Ne5 13. Qb3 c6 14. f4 Be6
15. Qc2 Nf7 16. Ne2 b5 17. Be3 Ne7 18. Rd1 Bc4 19. e5 Nd5 20. Bc1 Qg4 21. Rf3
dxe5 22. Ng3 Nf6 23. Nf5 e4 24. Ne3 Qe6 25. f5 Qe7 26. Rf4 Nd6 27. b3 Nd5 28.
Nxd5 Bxd5 29. Ba3 Kf7 30. Qe2 Rad8 31. Qh5+ Kg8 32. Nc2 Qf7 33. Qg4 Qf6 34. Ne3
Nf7 35. Qg3 h5 36. Rf2 Qg5 37. Qc7 Qxe3 38. Be7 Re8 39. Qd7 Kh7 40. f6 g6 41.
Rxd5 cxd5 42. Qxd5 Kg8 43. Qd7 Qc1+ 44. Rf1 Qc8 45. Qxa7 0-1

[Event "14. Open de la Constitución 2013"]
[Site "San Sebastian de los Reyes ES"]
[Date "2013.12.06"]
[Round "7.22"]
[White "Navarro Rodriguez, Jesus"]
[Black "Neila Ausin, Eva"]
[Result "0-1"]
[WhiteElo "1664"]
[BlackElo "1758"]
[PlyCount "100"]
[EventDate "2013.11.30"]
[EventType "swiss"]
[EventRounds "9"]
[EventCountry "ESP"]
[Source "lmi"]
[SourceDate "2013.11.30"]

1. e4 c5 2. Nf3 e6 3. d4 cxd4 4. Nxd4 Nf6 5. Bd3 d6 6. O-O Be7 7. c3 a6 8. Qc2
Qc7 9. Nd2 b5 10. b4 Bb7 11. N2f3 O-O 12. Bd2 Nbd7 13. Rac1 Rac8 14. Qb1 Nb6
15. Rfe1 Rfe8 16. h3 Nc4 17. Qc2 h6 18. Qd1 Nb2 19. Qe2 Nxd3 20. Qxd3 Nd7 21.
Nh2 Ne5 22. Qg3 Kh8 23. Nhf3 Nd3 24. Ng5 Bxg5 25. Qxd3 Bf6 26. Qf3 d5 27. Bxh6
dxe4 28. Qh5 gxh6 29. Qxh6+ Kg8 30. Qxf6 Qe7 31. Qh6 f5 32. Re3 Kf7 33. Rg3 Rg8
34. Qh5+ Kf6 35. Qh6+ Ke5 36. f4+ Kd5 37. Rg6 Rxg6 38. Qxg6 Re8 39. Qh5 Kd6 40.
Rd1 Kc7 41. Qg6 Kb8 42. Kf2 Rc8 43. Nxe6 Rxc3 44. Qxf5 Qxb4 45. Qe5+ Ka7 46.
Qd4+ Qxd4+ 47. Nxd4 e3+ 48. Ke2 Bxg2 49. h4 Bh3 50. Rd3 Bf1+ 0-1

[Event "14. Open de la Constitución 2013"]
[Site "San Sebastian de los Reyes ES"]
[Date "2013.12.06"]
[Round "7.23"]
[White "Sirera Ripoll, Jose Luis"]
[Black "Guillo Longares, Cecilia"]
[Result "1/2-1/2"]
[WhiteElo "1753"]
[BlackElo "1398"]
[PlyCount "110"]
[EventDate "2013.11.30"]
[EventType "swiss"]
[EventRounds "9"]
[EventCountry "ESP"]
[Source "lmi"]
[SourceDate "2013.11.30"]

1. e4 c5 2. Nf3 Nc6 3. d4 cxd4 4. Nxd4 g6 5. c4 Bg7 6. Be3 d6 7. Nc3 Nf6 8. Be2
O-O 9. O-O Bd7 10. Qd2 a6 11. f4 Rc8 12. Rad1 Bg4 13. Nxc6 Rxc6 14. e5 Bxe2 15.
Qxe2 Ne8 16. c5 Qd7 17. Nd5 Qe6 18. Nb4 Rc8 19. cxd6 exd6 20. Bd4 f6 21. Bc3
fxe5 22. fxe5 dxe5 23. Qe4 Nd6 24. Qd3 Nb5 25. Be1 e4 26. Qd5 Qxd5 27. Nxd5
Rxf1+ 28. Kxf1 Rf8+ 29. Ke2 Bxb2 30. a4 Nd4+ 31. Ke3 Nc2+ 32. Ke2 Nxe1 33. Kxe1
Bf6 34. Rb1 Rf7 35. Nxf6+ Rxf6 36. Rxb7 Re6 37. a5 Re5 38. Rb4 Rxa5 39. Rxe4
Ra1+ 40. Kf2 a5 41. Re7 a4 42. Ra7 h5 43. Kg3 Ra2 44. Kh3 g5 45. g4 Ra3+ 46.
Kg2 hxg4 47. Ra5 Ra2+ 48. Kg3 Kh7 49. Rxg5 Ra1 50. Ra5 a3 51. Kxg4 a2 52. Kh3
Kg6 53. Kg2 Kf6 54. h4 Kg6 55. Kh2 Kh6 1/2-1/2

[Event "14. Open de la Constitución 2013"]
[Site "San Sebastian de los Reyes ES"]
[Date "2013.12.06"]
[Round "7.26"]
[White "Del Campo Lobo, Joaquin"]
[Black "Rodriguez Anton, Jose Miguel"]
[Result "0-1"]
[WhiteElo "1611"]
[BlackElo "1761"]
[PlyCount "92"]
[EventDate "2013.11.30"]
[EventType "swiss"]
[EventRounds "9"]
[EventCountry "ESP"]
[Source "lmi"]
[SourceDate "2013.11.30"]

1. d4 Nf6 2. c4 e6 3. Nf3 d5 4. g3 Be7 5. Nc3 O-O 6. cxd5 Nxd5 7. Bg2 Nd7 8.
O-O b6 9. a3 Bb7 10. Qc2 c5 11. e3 Rc8 12. Nxd5 Bxd5 13. Qb1 Nf6 14. Rd1 Qc7
15. Nd2 Qb7 16. e4 Bc6 17. dxc5 Bxc5 18. b4 Bd4 19. Ra2 Ng4 20. Nb3 Bf6 21. Nd4
Rfd8 22. Rad2 Bxd4 23. Rxd4 Rxd4 24. Rxd4 e5 25. Rd6 Qc7 26. Rd1 Nf6 27. Bg5
Qe7 28. Qd3 h6 29. Bxf6 Qxf6 30. b5 Be8 31. a4 Rc7 32. Bh3 g5 33. Bf5 Qe7 34.
Qd8 Kf8 35. Qd6 Qxd6 36. Rxd6 Rc4 37. Rd5 f6 38. Rd8 Ke7 39. Rb8 Rxa4 40. Rb7+
Kd6 41. Rh7 Bxb5 42. Rxh6 Ke7 43. h4 Be2 44. h5 Bf3 45. Rh7+ Kf8 46. h6 Ra1+
0-1

[Event "14. Open de la Constitución 2013"]
[Site "San Sebastian de los Reyes ES"]
[Date "2013.12.06"]
[Round "7.27"]
[White "Menendez Hernandez, Jose Daniel"]
[Black "Martin Rodriguez, Jose Luis"]
[Result "1-0"]
[WhiteElo "1705"]
[BlackElo "1443"]
[PlyCount "53"]
[EventDate "2013.11.30"]
[EventType "swiss"]
[EventRounds "9"]
[EventCountry "ESP"]
[Source "lmi"]
[SourceDate "2013.11.30"]

1. e4 e6 2. d4 d5 3. Nd2 c5 4. c3 c4 5. e5 Nc6 6. f4 Nge7 7. Ndf3 Nf5 8. g3 h6
9. Ne2 b5 10. Bg2 b4 11. O-O bxc3 12. bxc3 Rb8 13. g4 Nh4 14. Nxh4 Qxh4 15. Ng3
Qd8 16. f5 f6 17. exf6 gxf6 18. fxe6 Bxe6 19. Qe2 Kd7 20. Nh5 Be7 21. Nf4 Qg8
22. Nxe6 Qxe6 23. Qxe6+ Kxe6 24. Re1+ Kd7 25. Bxd5 Nd8 26. Bxc4 Rc8 27. Bb5+
1-0

[Event "14. Open de la Constitución 2013"]
[Site "San Sebastian de los Reyes ES"]
[Date "2013.12.06"]
[Round "7.30"]
[White "Sanchez Ortega, Ruben"]
[Black "Guillo Sanchez-Galiano, Ernesto"]
[Result "1-0"]
[WhiteElo "1558"]
[BlackElo "1209"]
[PlyCount "43"]
[EventDate "2013.11.30"]
[EventType "swiss"]
[EventRounds "9"]
[EventCountry "ESP"]
[Source "lmi"]
[SourceDate "2013.11.30"]

1. d4 Nf6 2. Bg5 e6 3. e4 d6 4. Nc3 Be7 5. Nf3 O-O 6. Bd3 c5 7. dxc5 dxc5 8.
Qd2 Nc6 9. O-O-O Nd4 10. e5 Ne8 11. Qf4 f6 12. Qh4 Nf5 13. Bxf5 Qxd1+ 14. Rxd1
exf5 15. exf6 Nxf6 16. Nd5 Rf7 17. Nxe7+ Rxe7 18. Bxf6 gxf6 19. Rd8+ Kg7 20.
Qg3+ Kh6 21. Rg8 Rg7 22. Qxg7+ 1-0

[Event "14. Open de la Constitución 2013"]
[Site "San Sebastian de los Reyes ES"]
[Date "2013.12.06"]
[Round "7.31"]
[White "Jimenez Perez, Federico"]
[Black "Brasa Olmos, Joaquin"]
[Result "1-0"]
[WhiteElo "1289"]
[BlackElo "1551"]
[PlyCount "69"]
[EventDate "2013.11.30"]
[EventType "swiss"]
[EventRounds "9"]
[EventCountry "ESP"]
[Source "lmi"]
[SourceDate "2013.11.30"]

1. e4 d6 2. d4 Nd7 3. Bc4 Ngf6 4. Nc3 g6 5. Nf3 Bg7 6. Bxf7+ Kxf7 7. Ng5+ Kg8
8. Ne6 Qe8 9. Nxc7 Qd8 10. Nxa8 b6 11. O-O Ba6 12. Re1 Qxa8 13. e5 dxe5 14.
dxe5 Nxe5 15. Rxe5 Kf7 16. Nd5 Rd8 17. Qf3 e6 18. Nc7 Qxf3 19. gxf3 Rd1+ 20.
Kg2 Bf1+ 21. Kg3 Nh5+ 22. Rxh5 gxh5 23. f4 Be2 24. f3 Bd4 25. f5 Be5+ 26. Kf2
Bc4 27. fxe6+ Ke7 28. Bg5+ Bf6 29. Bxf6+ Kxf6 30. Rxd1 a6 31. Rd7 h6 32. e7 Bf7
33. e8=Q Bxe8 34. Nxe8+ Ke6 35. Rh7 1-0

[Event "14. Open de la Constitución 2013"]
[Site "San Sebastian de los Reyes ES"]
[Date "2013.12.07"]
[Round "8.1"]
[White "Lopez De Turiso, Jose Angel"]
[Black "Almagro Llamas, Pablo"]
[Result "0-1"]
[WhiteElo "2123"]
[BlackElo "2467"]
[PlyCount "126"]
[EventDate "2013.11.30"]
[EventType "swiss"]
[EventRounds "9"]
[EventCountry "ESP"]
[Source "lmi"]
[SourceDate "2013.11.30"]

1. e4 c6 2. d4 d5 3. exd5 cxd5 4. Bd3 Nf6 5. c3 Bg4 6. Qb3 Qc7 7. Bg5 e6 8. Nd2
Nc6 9. Ngf3 Bh5 10. O-O Bg6 11. Qc2 Bd6 12. Rfe1 a6 13. Rac1 Nd7 14. Nf1 Bxd3
15. Qxd3 O-O 16. Bh4 Rfc8 17. Bg3 b5 18. a3 Na5 19. Ng5 Nf8 20. Rc2 Nc4 21.
Bxd6 Nxd6 22. Ng3 a5 23. f4 h6 24. Nf3 f5 25. Ne5 b4 26. axb4 axb4 27. Rec1
bxc3 28. bxc3 Ra3 29. Qe2 Qa7 30. Qd3 Nd7 31. Nxd7 Qxd7 32. Qe2 Nb5 33. Qd2 Ra4
34. Qd3 Rac4 35. Ne2 Qc7 36. Qe3 Kf7 37. Qh3 Nd6 38. Qe3 Ne4 39. g3 Kg8 40. Kg2
Kh7 41. h3 Qe7 42. Ng1 g5 43. Kh2 Rg8 44. Ne2 Qa3 45. Rb1 Rc7 46. Rbc1 Rcg7 47.
fxg5 Rxg5 48. Rg1 h5 49. Rcc1 R8g7 50. Qf4 Qb2 51. Rg2 Qb5 52. h4 Rg4 53. Qe3
Qb8 54. Kh3 f4 55. Nxf4 Rxg3+ 56. Rxg3 Rxg3+ 57. Qxg3 Nxg3 58. Kxg3 Qg8+ 59.
Kf2 Qg4 60. Ng2 Qf5+ 61. Ke2 Qe4+ 62. Kf2 Qd3 63. Nf4 Qf5 0-1

[Event "14. Open de la Constitución 2013"]
[Site "San Sebastian de los Reyes ES"]
[Date "2013.12.07"]
[Round "8.2"]
[White "Rubio Mejia, Luis Ignacio"]
[Black "Adan Bermudez, Sergio"]
[Result "1/2-1/2"]
[WhiteElo "2452"]
[BlackElo "2312"]
[PlyCount "88"]
[EventDate "2013.11.30"]
[EventType "swiss"]
[EventRounds "9"]
[EventCountry "ESP"]
[Source "lmi"]
[SourceDate "2013.11.30"]

1. d4 d6 2. Nf3 g6 3. g3 Bg7 4. Bg2 e5 5. dxe5 dxe5 6. Qxd8+ Kxd8 7. Nc3 f6 8.
Be3 c6 9. O-O-O+ Kc7 10. Bc5 Be6 11. e4 Nh6 12. Bd6+ Kc8 13. Nh4 g5 14. Nf3 Nf7
15. Bc5 Nd7 16. Be3 h5 17. h4 g4 18. Nd2 Bh6 19. Nf1 Kc7 20. Bxh6 Nxh6 21. Ne3
Rad8 22. Bf1 b5 23. Be2 Rhg8 24. a3 a5 25. b4 axb4 26. axb4 Nb6 27. Rxd8 Rxd8
28. Nb1 Nc4 29. Nxc4 Bxc4 30. Bxc4 bxc4 31. Rd1 Rb8 32. c3 Nf7 33. Nd2 Nd6 34.
Kb2 f5 35. exf5 Rf8 36. Re1 Rxf5 37. Re2 Kd7 38. Kc2 Ke6 39. Nf1 Rf8 40. Ne3
Rf3 41. Nd1 Nb5 42. Ne3 Nd6 43. Nd1 Rf8 44. Ne3 Rf3 1/2-1/2

[Event "14. Open de la Constitución 2013"]
[Site "San Sebastian de los Reyes ES"]
[Date "2013.12.07"]
[Round "8.3"]
[White "Valles Moreno, Ivan"]
[Black "Castejon Caballero, Andres"]
[Result "1-0"]
[WhiteElo "2373"]
[BlackElo "2121"]
[PlyCount "79"]
[EventDate "2013.11.30"]
[EventType "swiss"]
[EventRounds "9"]
[EventCountry "ESP"]
[Source "lmi"]
[SourceDate "2013.11.30"]

1. e4 e5 2. Nc3 Bc5 3. Nf3 Nc6 4. Nxe5 Nxe5 5. d4 Bd6 6. dxe5 Bxe5 7. f4 Bxc3+
8. bxc3 Qe7 9. Be2 Nf6 10. e5 Ne4 11. Bf3 f5 12. Qd4 Qc5 13. g4 Qxd4 14. cxd4
d5 15. O-O fxg4 16. Bxe4 dxe4 17. f5 O-O 18. e6 g6 19. e7 Re8 20. f6 Kf7 21. d5
a5 22. Bb2 Ra6 23. Be5 b5 24. c3 Bf5 25. a4 bxa4 26. Rxa4 e3 27. Re1 Rxf6 28.
Bxf6 Kxf6 29. Rxe3 Rxe7 30. Rxe7 Kxe7 31. Rxa5 Bd3 32. Kf2 Kd6 33. Ke3 Bf1 34.
Kd4 Bg2 35. c4 Bf3 36. c5+ Kd7 37. Ra7 h5 38. Ke5 h4 39. c6+ Ke8 40. Kf6 1-0

[Event "14. Open de la Constitución 2013"]
[Site "San Sebastian de los Reyes ES"]
[Date "2013.12.07"]
[Round "8.4"]
[White "Roa Alonso, Santiago"]
[Black "Aziz Ortego, Omar Luis"]
[Result "1-0"]
[WhiteElo "2401"]
[BlackElo "2037"]
[PlyCount "187"]
[EventDate "2013.11.30"]
[EventType "swiss"]
[EventRounds "9"]
[EventCountry "ESP"]
[Source "lmi"]
[SourceDate "2013.11.30"]

1. e4 c5 2. Nf3 d6 3. d4 cxd4 4. Nxd4 Nf6 5. Nc3 a6 6. Be2 Nbd7 7. f4 g6 8. O-O
Bg7 9. Kh1 O-O 10. Bf3 Qc7 11. a4 Rb8 12. Be3 b6 13. e5 dxe5 14. Nc6 exf4 15.
Nxe7+ Kh8 16. Ned5 Nxd5 17. Nxd5 Qd8 18. Bxf4 Ne5 19. Nb4 Bd7 20. Qd6 Re8 21.
Bd5 a5 22. Bxf7 Nxf7 23. Qxb8 Qxb8 24. Bxb8 Rxb8 25. Rxf7 Be8 26. Na6 Rd8 27.
Rb7 Bxb2 28. Rf1 Bxa4 29. Rxb6 Bd4 30. Rb8 Rxb8 31. Nxb8 Bxc2 32. Nc6 Bb6 33.
Rf8+ Kg7 34. Rb8 Be3 35. Nxa5 h5 36. Re8 Bb6 37. Nc4 Bd4 38. Nd6 h4 39. Re2 Bb1
40. Re1 Bc2 41. Rc1 Bb3 42. Rb1 Bc2 43. Rb4 Be5 44. Rb7+ Kf6 45. Rb6 Bd4 46.
Rc6 Bf5 47. Nb5+ Ke5 48. Nxd4 Kxd4 49. h3 Ke3 50. Kg1 Kf4 51. Kf2 Kg5 52. Ke3
Bb1 53. Rc4 Bf5 54. Rf4 Bd7 55. Ke4 Bf5+ 56. Ke5 Bc8 57. Rc4 Bf5 58. Rc5 Bd3
59. Kd4+ Bf5 60. Ke3 Kf6 61. Kf4 g5+ 62. Ke3 Bg6 63. Rc6+ Kf5 64. Kd4 Bf7 65.
Rc8 Kf6 66. Ke4 Bg6+ 67. Kd5 Bf7+ 68. Kd6 Bb3 69. Rf8+ Bf7 70. Kd7 Kg6 71. Ke7
Bd5 72. Rf6+ Kh5 73. Rf2 Kg6 74. Kd6 Bb7 75. Rb2 Ba8 76. Ke5 g4 77. Kf4 gxh3
78. gxh3 Bd5 79. Rb6+ Kg7 80. Kg5 Bg2 81. Kxh4 Bf1 82. Kg4 Be2+ 83. Kg5 Bf1 84.
h4 Bc4 85. Rb7+ Bf7 86. Ra7 Kg8 87. Kh6 Bd5 88. Rd7 Be6 89. Rd8+ Kf7 90. Rd6
Bf5 91. Rd5 Kf6 92. Rd2 Bg4 93. Rf2+ Ke7 94. Kg6 1-0

[Event "14. Open de la Constitución 2013"]
[Site "San Sebastian de los Reyes ES"]
[Date "2013.12.07"]
[Round "8.6"]
[White "Hernandez Ramos, David"]
[Black "Alvarez Abejon, Amilcar"]
[Result "1/2-1/2"]
[WhiteElo "1753"]
[BlackElo "2081"]
[PlyCount "93"]
[EventDate "2013.11.30"]
[EventType "swiss"]
[EventRounds "9"]
[EventCountry "ESP"]
[Source "lmi"]
[SourceDate "2013.11.30"]

1. d4 e6 2. c4 f5 3. Nf3 Nf6 4. Nc3 d6 5. Bf4 g6 6. Qd2 Bg7 7. Bh6 O-O 8. Bxg7
Kxg7 9. e3 Nc6 10. Be2 e5 11. dxe5 dxe5 12. Rd1 Be6 13. O-O h6 14. Qxd8 Raxd8
15. b3 g5 16. Rxd8 Rxd8 17. Rd1 Rxd1+ 18. Bxd1 a5 19. Bc2 Nd7 20. Nb5 Nb4 21.
Nxc7 Nxc2 22. Nxe6+ Kf6 23. Nc7 Nb4 24. a3 Nc2 25. Nb5 Nc5 26. Nd2 Ke7 27. Kf1
Na1 28. b4 axb4 29. axb4 Nd3 30. c5 Nxb4 31. Nd6 Ke6 32. Nxb7 Kd5 33. Nd6 Ke6
34. Ke2 Nac2 35. Nb3 Na6 36. Kd2 Nxc5 37. Nxc5+ Kxd6 38. Nb7+ Kc7 39. Kxc2 Kxb7
40. Kb3 Kb6 41. Kb4 Kc6 42. Kc4 Kd6 43. f3 h5 44. e4 fxe4 45. fxe4 Kc6 46. h3
h4 47. Kb4 1/2-1/2

[Event "14. Open de la Constitución 2013"]
[Site "San Sebastian de los Reyes ES"]
[Date "2013.12.07"]
[Round "8.7"]
[White "Castejon Caballero, Natalia"]
[Black "Dierssen Garcia-Barredo, Guillermo"]
[Result "1/2-1/2"]
[WhiteElo "2011"]
[BlackElo "1974"]
[PlyCount "75"]
[EventDate "2013.11.30"]
[EventType "swiss"]
[EventRounds "9"]
[EventCountry "ESP"]
[Source "lmi"]
[SourceDate "2013.11.30"]

1. e4 c5 2. c3 g6 3. d4 cxd4 4. cxd4 d5 5. e5 Bg7 6. Nc3 Nc6 7. h3 f6 8. f4 Nh6
9. Bb5 O-O 10. Nge2 fxe5 11. fxe5 e6 12. Be3 Qb6 13. Qd2 Nf5 14. Bxc6 Nxe3 15.
Qxe3 bxc6 16. Na4 Qb4+ 17. Nec3 c5 18. Nxc5 Bh6 19. Qxh6 Qxb2 20. Qxf8+ Kxf8
21. O-O+ Ke7 22. Rac1 Qd2 23. Rfd1 Qe3+ 24. Kh1 Bd7 25. Nxd7 Kxd7 26. Nb5 Rc8
27. Rxc8 Kxc8 28. Nxa7+ Kd7 29. a4 Qb3 30. Rf1 Qxa4 31. Rf7+ Ke8 32. Rxh7 Qxd4
33. Nc6 Qc4 34. Re7+ Kf8 35. Rxe6 d4 36. Nxd4 Qxd4 37. Rxg6 Qxe5 38. Rg4
1/2-1/2

[Event "14. Open de la Constitución 2013"]
[Site "San Sebastian de los Reyes ES"]
[Date "2013.12.07"]
[Round "8.8"]
[White "Gonzalez Mateos, Rafael"]
[Black "Lianes Garcia, Marcos"]
[Result "1-0"]
[WhiteElo "2010"]
[BlackElo "1790"]
[PlyCount "91"]
[EventDate "2013.11.30"]
[EventType "swiss"]
[EventRounds "9"]
[EventCountry "ESP"]
[Source "lmi"]
[SourceDate "2013.11.30"]

1. d4 Nf6 2. c3 g6 3. Bg5 Bg7 4. Nd2 O-O 5. e4 d6 6. Bd3 c5 7. d5 h6 8. Bh4 Nh5
9. Ne2 g5 10. Bg3 e5 11. Qc2 a6 12. a4 Qc7 13. f3 Nf4 14. Bxf4 exf4 15. h4 f6
16. g3 fxg3 17. Nxg3 Nd7 18. Nh5 Ne5 19. Be2 f5 20. Nxg7 Qxg7 21. hxg5 hxg5 22.
O-O-O Rf6 23. Rdg1 f4 24. Rh5 g4 25. Nc4 Rg6 26. Nxe5 dxe5 27. fxg4 Bxg4 28.
Bxg4 Rxg4 29. Rxg4 Qxg4 30. Qh2 Qg7 31. Kb1 Rf8 32. Qh4 f3 33. Rg5 f2 34. Rxg7+
Kxg7 35. Qg3+ Kh6 36. Qh3+ Kg5 37. Qf1 Kg4 38. Kc2 Kf3 39. Kd3 c4+ 40. Kxc4 Rg8
41. d6 Rg1 42. Qd3+ Kf4 43. d7 Rg8 44. Kd5 Rd8 45. Kd6 Rg8 46. Kc7 1-0

[Event "14. Open de la Constitución 2013"]
[Site "San Sebastian de los Reyes ES"]
[Date "2013.12.07"]
[Round "8.9"]
[White "Baeza Escudero, Javier"]
[Black "Soto Martin, Pablo"]
[Result "1-0"]
[WhiteElo "1969"]
[BlackElo "1779"]
[PlyCount "111"]
[EventDate "2013.11.30"]
[EventType "swiss"]
[EventRounds "9"]
[EventCountry "ESP"]
[Source "lmi"]
[SourceDate "2013.11.30"]

1. d4 Nf6 2. c4 g6 3. g3 Bg7 4. Bg2 O-O 5. Nf3 d6 6. O-O Nbd7 7. Nc3 e5 8. e4
c6 9. h3 a5 10. Be3 exd4 11. Bxd4 Re8 12. Qc2 a4 13. Rad1 Qa5 14. Be3 Nc5 15.
Bd2 Qb6 16. Rfe1 Be6 17. Bf1 Nfd7 18. Be3 Qa6 19. Nb1 Nxe4 20. Qxe4 Bf5 21. Qf4
Bc2 22. Rd2 Be4 23. c5 Qa5 24. cxd6 Qh5 25. Ng5 f5 26. Bc4+ Kf8 27. Nxe4 Rxe4
28. Be2 Qxh3 29. Qg5 Rae8 30. Bf1 Qg4 31. Qxg4 Rxg4 32. Be2 Rb4 33. Nc3 a3 34.
bxa3 Bxc3 35. axb4 Rxe3 36. fxe3 Bxd2 37. Rd1 Bxb4 38. g4 Bc5 39. gxf5 Bxe3+
40. Kg2 gxf5 41. Bd3 f4 42. Bxh7 Ke8 43. Bg6+ Kd8 44. Rb1 Nc5 45. Bf5 Bd4 46.
Kf3 Be5 47. d7 Ke7 48. Rd1 Bc7 49. Re1+ Kd6 50. Rd1+ Ke7 51. Kg4 Na6 52. Re1+
Kd6 53. Re8 Kc5 54. d8=Q Bxd8 55. Rxd8 Kb4 56. Bc8 1-0

[Event "14. Open de la Constitución 2013"]
[Site "San Sebastian de los Reyes ES"]
[Date "2013.12.07"]
[Round "8.10"]
[White "Montiel Miguelez, Manuel"]
[Black "Quevedo Marin, Manuel"]
[Result "1/2-1/2"]
[WhiteElo "1906"]
[BlackElo "2167"]
[PlyCount "93"]
[EventDate "2013.11.30"]
[EventType "swiss"]
[EventRounds "9"]
[EventCountry "ESP"]
[Source "lmi"]
[SourceDate "2013.11.30"]

1. e4 c5 2. Nf3 d6 3. d4 cxd4 4. Nxd4 Nf6 5. Nc3 a6 6. Be2 e5 7. Nb3 Be7 8. O-O
O-O 9. f4 b5 10. Bf3 Bb7 11. Be3 Nbd7 12. Qe1 Nb6 13. fxe5 dxe5 14. Rd1 Qc7 15.
Kh1 Nc4 16. Bc1 Rad8 17. Qg3 b4 18. Nd5 Nxd5 19. exd5 f5 20. Nd4 f4 21. Qxg7+
Kxg7 22. Ne6+ Kh8 23. Nxc7 Rd7 24. Ne6 Rb8 25. b3 Ne3 26. Bxe3 fxe3 27. Rfe1
Rc8 28. Rxe3 Rxc2 29. Be4 Rc3 30. Red3 Rd6 31. Rxc3 bxc3 32. Nc5 c2 33. Bxc2
Bxd5 34. Be4 Rf6 35. Bxd5 Bxc5 36. Bc4 Rf2 37. a4 Rb2 38. g3 Bd4 39. Re1 a5 40.
Re2 Rb1+ 41. Kg2 Kg7 42. Kf3 Kf6 43. Ke4 h6 44. Kd3 Kf5 45. Kc2 Rb2+ 46. Kd1
Rb1+ 47. Kc2 1/2-1/2

[Event "14. Open de la Constitución 2013"]
[Site "San Sebastian de los Reyes ES"]
[Date "2013.12.07"]
[Round "8.11"]
[White "Martinez De Navascues, Francisco"]
[Black "Bustos Serrano, Doroteo"]
[Result "0-1"]
[WhiteElo "1656"]
[BlackElo "2055"]
[PlyCount "136"]
[EventDate "2013.11.30"]
[EventType "swiss"]
[EventRounds "9"]
[EventCountry "ESP"]
[Source "lmi"]
[SourceDate "2013.11.30"]

1. Nf3 Nf6 2. b3 g6 3. c4 Bg7 4. Bb2 O-O 5. e3 d6 6. Nc3 e5 7. Rc1 Nc6 8. d3
Re8 9. Nd2 Ng4 10. h3 Nh6 11. Be2 f5 12. Nd5 Ne7 13. e4 c6 14. Ne3 a5 15. Nf3
Bd7 16. c5 Nc8 17. cxd6 Nxd6 18. Nc4 Nhf7 19. Qc2 Nb5 20. a4 Nd4 21. Nxd4 exd4
22. O-O fxe4 23. dxe4 Bxh3 24. gxh3 b5 25. Nd2 d3 26. Bxd3 Bxb2 27. Qxb2 Qxd3
28. Rc3 Qd4 29. Qc2 Rad8 30. Nf3 Qxe4 31. Qxe4 Rxe4 32. axb5 cxb5 33. Ra1 a4
34. bxa4 bxa4 35. Rca3 Ra8 36. Nd2 Rd4 37. Nb1 Rd1+ 38. Kg2 Nd6 39. Nc3 Rxa1
40. Rxa1 a3 41. Kf3 Ra5 42. Ra2 Kf7 43. Nb1 Rf5+ 44. Kg2 Nc4 45. Rc2 Ra5 46.
Ra2 Rb5 47. Nxa3 Ra5 48. Nxc4 Rxa2 49. Ne5+ Ke6 50. Nf3 h6 51. Nh4 Kf6 52. Nf3
g5 53. h4 g4 54. Nh2 Kf5 55. Nf1 Ra3 56. Ng3+ Ke5 57. Nh5 Rh3 58. f3 Rxf3 59.
Ng3 Rxg3+ 60. Kxg3 h5 61. Kh2 Kf4 62. Kg2 Ke4 63. Kf2 Kd3 64. Kg1 Ke3 65. Kg2
Ke2 66. Kg3 Kf1 67. Kh2 Kf2 68. Kh1 Kg3 0-1

[Event "14. Open de la Constitución 2013"]
[Site "San Sebastian de los Reyes ES"]
[Date "2013.12.07"]
[Round "8.12"]
[White "Alvarez Gonzalez, Eduardo"]
[Black "Sacristan Virseda, Fernando"]
[Result "1-0"]
[WhiteElo "1805"]
[BlackElo "1941"]
[PlyCount "81"]
[EventDate "2013.11.30"]
[EventType "swiss"]
[EventRounds "9"]
[EventCountry "ESP"]
[Source "lmi"]
[SourceDate "2013.11.30"]

1. d4 Nf6 2. Nf3 g6 3. c4 Bg7 4. Nc3 O-O 5. e4 d6 6. Be2 Nbd7 7. O-O e5 8. Be3
exd4 9. Nxd4 Re8 10. Qc2 Nc5 11. f3 a5 12. b3 Nfd7 13. Bf2 Ne6 14. Rad1 Nf4 15.
Nd5 Nxe2+ 16. Nxe2 Ne5 17. c5 Nc6 18. cxd6 cxd6 19. Bb6 Qg5 20. Nc7 Bh3 21. Ng3
h5 22. Qd2 Qe7 23. Nxe8 Be6 24. Nxg7 Kxg7 25. Qxd6 Qg5 26. Qd2 Qb5 27. Bd4+ Kh7
28. Bb2 a4 29. Qc3 Rg8 30. Rd3 h4 31. Nh1 h3 32. g3 axb3 33. axb3 Ne5 34. Re3
f6 35. Nf2 Rc8 36. Qd2 Bxb3 37. Bxe5 Rc2 38. Rxb3 Qxb3 39. Qd7+ Kg8 40. Qd8+
Kh7 41. Qxf6 1-0

[Event "14. Open de la Constitución 2013"]
[Site "San Sebastian de los Reyes ES"]
[Date "2013.12.07"]
[Round "8.13"]
[White "Alfaya Marcelo, Roberto"]
[Black "Mazo Fernandez, Roberto"]
[Result "1-0"]
[WhiteElo "1893"]
[BlackElo "1740"]
[PlyCount "85"]
[EventDate "2013.11.30"]
[EventType "swiss"]
[EventRounds "9"]
[EventCountry "ESP"]
[Source "lmi"]
[SourceDate "2013.11.30"]

1. d4 Nf6 2. c4 g6 3. Nc3 d5 4. Nf3 Bg7 5. Bf4 O-O 6. e3 b6 7. cxd5 Nxd5 8.
Nxd5 Qxd5 9. Bxc7 Nd7 10. Be2 Bb7 11. O-O Rfe8 12. Bg3 Rac8 13. b3 b5 14. Ne1
e5 15. dxe5 Nxe5 16. Qxd5 Bxd5 17. Bxb5 Bc6 18. Bxc6 Rxc6 19. Rd1 Rec8 20. Bxe5
Bxe5 21. Nf3 Bf6 22. Nd4 Rc5 23. g3 Kf8 24. Rd2 Ke8 25. Rfd1 R8c7 26. Kg2 Rd7
27. Ne2 Rxd2 28. Rxd2 Bd8 29. Nd4 Ba5 30. Rc2 Rxc2 31. Nxc2 Kd7 32. Kf3 f6 33.
Ke4 Kd6 34. Kd4 Kc6 35. Kc4 a6 36. Nb4+ Kd6 37. Nxa6 Be1 38. f3 Bf2 39. e4 h5
40. Nb4 g5 41. Nd3 Bg1 42. h3 g4 43. hxg4 1-0

[Event "14. Open de la Constitución 2013"]
[Site "San Sebastian de los Reyes ES"]
[Date "2013.12.07"]
[Round "8.14"]
[White "De La Orden Alcocer, Alejandro"]
[Black "Perez Gonzalez, Jesus Miguel"]
[Result "1-0"]
[WhiteElo "1931"]
[BlackElo "1810"]
[PlyCount "103"]
[EventDate "2013.11.30"]
[EventType "swiss"]
[EventRounds "9"]
[EventCountry "ESP"]
[Source "lmi"]
[SourceDate "2013.11.30"]

1. c4 Nf6 2. g3 g6 3. Bg2 Bg7 4. Nc3 O-O 5. Rb1 c6 6. e4 d6 7. Nge2 e5 8. O-O
Be6 9. d3 Qd7 10. b4 Bh3 11. a4 Bxg2 12. Kxg2 d5 13. Ba3 d4 14. Na2 Rc8 15. Qb3
h5 16. h3 Nh7 17. Bc1 b5 18. Bd2 Na6 19. axb5 cxb5 20. c5 Rc6 21. f4 Nc7 22.
fxe5 Bxe5 23. Nf4 Bxf4 24. Bxf4 Ne6 25. Qd5 Nf6 26. Qe5 Ne8 27. Bd2 Rd8 28. Bg5
Nxg5 29. Qxg5 Kg7 30. Rf2 f6 31. Qd2 Ra6 32. Rbf1 Qe6 33. Nc1 Ra3 34. Qb2 Ra4
35. Ne2 Qa2 36. Nf4 Qf7 37. Nd5 Rxd5 38. exd5 Qxd5+ 39. Kh2 Nc7 40. Ra1 Rxa1
41. Qxa1 a6 42. Qa5 Ne6 43. Qxa6 Qe5 44. Qd6 Qxd6 45. cxd6 Kf7 46. Ra2 Ng5 47.
Kg2 Ke8 48. Ra7 Nf7 49. Re7+ Kf8 50. Re6 Ne5 51. Rxf6+ Kg7 52. Re6 1-0